| 000 | 01399nam a2200253Ia 4500 | ||
|---|---|---|---|
| 003 | OSt | ||
| 005 | 20210923155206.0 | ||
| 008 | 210310s2001 ck gr 000 0 spa d | ||
| 020 | _a9589328378 | ||
| 040 | 0 |
_aCO-JMCR _cCO-JMCR |
|
| 041 | 0 | _aspa | |
| 082 | 0 | 4 |
_a338.109861 / _bC718a _223 |
| 110 | 2 |
_aColombia. _bMinisterio de Agricultura y Desarrollo Rural _93550 |
|
| 245 | 1 | 0 |
_aAgrovision colombia 2025 _cMinisterio de Agricultura y Desarrollo Rural |
| 260 |
_c2001 _aBogotá : _bMinisterio de Agricultura y desarrollo Rural, |
||
| 300 |
_a139 páginas : _bilustraciones y gráficas en blanco y negro ; _c23 cm. |
||
| 490 | 0 | _aCambio para construir la paz | |
| 500 | _aIncluye anexos y notas a pie de página. | ||
| 505 | 0 | _aEl desarrollo de la agricultura colombiana 1950-2000. -- La agricultura colombiana en la actualidad. -- Tendencias de desarrollo mundial y nacional. -- Patrones internacionales de desempeño de la agricultura. -- Visión de agricultura colombiana 2025. -- Análisis de la brecha. -- Estrategias y políticas para alcanzar la visión. -- Visión de la agricultura colombiana en el año 2010. -- Desempeño de la agricultura y la economía colombiana en agrovisión. | |
| 650 | 1 | 4 |
_aEstratégicas políticas _xAgricultura _zColombia _940762 |
| 650 | 2 | 4 |
_aDesempeño agrícola _zColombia _940763 |
| 650 | 2 | 4 |
_aDesarrollo agrícola _zColombia _98038 |
| 942 |
_2ddc _cBK |
||
| 999 |
_c12581 _d12581 |
||